000
00297nam a22001337a 4500
008
170322b xxu||||| |||| 00| 0 eng d
020
_a
9789996012563
041
_a
eng
080
_2
3RD
_a
616.12-008-073
100
_a
7
101
_a
SHM
245
_a
ECGs MADE EASY
_c
AEHLERT, B
942
_2
udc
_c
BK
999
_c
8321
_d
8321